| 000 | 00791cab a22002055a 4500 | ||
|---|---|---|---|
| 001 | L156771 | ||
| 008 | 120712e20120707xxk 000 0 eng d | ||
| 035 | _a(Sirsi) u156771 | ||
| 041 | 0 | _aeng | |
| 100 | 1 | _aAdams, John | |
| 245 | 0 | 0 | _aDon't let profitability go down the drain |
| 260 | _c2012 | ||
| 490 |
_aEstates Gazette _v(1227) 7 July 2012, 80-82(3) |
||
| 520 | _aLooks at the implications of the Flood and Water Management Act 2010 which stipulates that future developments must have sustainable drainage systems (SuDS). Looks at the nature and costs of SuDS and the schemes that are likely to be affected or excluded from their construction. | ||
| 590 | _aKA | ||
| 651 | 4 |
_aEngland and Wales _y1543- |
|
| 690 |
_aHydrography _96245 |
||
| 690 |
_aEnvironment _96238 |
||
| 942 | _n0 | ||
| 999 |
_c84149 _d84149 |
||